Central Library OPAC University of Rajshahi

Infrared spectrometry of industrial polymers / (Record no. 72237)

MARC details
000 -LEADER
fixed length control field 00688nam a2200241 a 4500
001 - CONTROL NUMBER
control field 72237
003 - CONTROL NUMBER IDENTIFIER
rucl marc code BD-RjUL
005 - DATE AND TIME OF LATEST TRANSACTION
control field 20211209082230.0
008 - FIXED-LENGTH DATA ELEMENTS--GENERAL INFORMATION
fixed length control field 170515s1967 enka b 001 0 eng
035 ## - SYSTEM CONTROL NUMBER
System control number (BD-RjUL)72454
040 ## - CATALOGING SOURCE
Original cataloging agency DLC
Transcribing agency DLC
Modifying agency BD-RjUL
Language of cataloging eng
041 ## - LANGUAGE CODE
Language code of text/sound track or separate title eng
082 00 - DEWEY DECIMAL CLASSIFICATION NUMBER
Classification number 547.84
Edition number 23
Author mark and year HEI 1967
100 1# - MAIN ENTRY--PERSONAL NAME
Personal name Henniker, John C.
9 (RLIN) 213610
245 10 - TITLE STATEMENT
Title Infrared spectrometry of industrial polymers /
Statement of responsibility, etc. John C. Henniker.
260 ## - PUBLICATION, DISTRIBUTION, ETC. (IMPRINT)
Place of publication, distribution, etc. London :
Name of publisher, distributor, etc. Academic Press,
Date of publication, distribution, etc. 1967.
300 ## - PHYSICAL DESCRIPTION
Pagination ix, 229 p. :
Illustrations ill. ;
Size 24 cm.
500 ## - GENERAL NOTE
General note Includes index
650 #0 - SUBJECT ADDED ENTRY--TOPICAL TERM
Topical term or geographic name as entry element Polymers
9 (RLIN) 213611
Topical term or geographic name as entry element Infrared spectroscopy.
9 (RLIN) 205907
942 ## - ADDED ENTRY ELEMENTS (KOHA)
Source of classification or shelving scheme Dewey Decimal Classification
Koha item type Books
Holdings
Lost status Source of classification or shelving scheme Damaged status Not for loan Collection code Permanent Location Current Location Shelving location Date acquired Source of acquisition Cost, normal purchase price Total Checkouts Full call number Date last seen Copy number Koha item type
  Dewey Decimal Classification   Not For Loan Non-fiction Central Library, University of Rajshahi Central Library, University of Rajshahi Reading Room 23/04/1968 Zeitlinger 59.00   547.84 HEI 1967 15/05/2017 C-1 Books